000
00310nam a22001337a 4500
008
181218b xxu||||| |||| 00| 0 eng d
020
_a
81510491
041
_a
eng
080
_2
3rd
_a
616-053.2
100
_a
8
101
_a
PED
245
_a
Manual of Pediatric Physical Diagnosis
_c
Barness
942
_2
udc
_c
BK
999
_c
53390
_d
53390